Psicoanálisis y universidad (Registro nro. 6260)

Detalles MARC
000 -CABECERA
campo de control de longitud fija 02523nas a22003017i 4500
001 - NÚMERO DE CONTROL
campo de control IT\ICCU\RML\0479584
003 - IDENTIFICADOR DEL NÚMERO DE CONTROL
campo de control ItRI
005 - FECHA Y HORA DE LA ÚLTIMA TRANSACCIÓN
campo de control 20250922132959.0
008 - DATOS DE LONGITUD FIJA--INFORMACIÓN GENERAL
campo de control de longitud fija 211029c19799999ag |||||||||||| b0||||c
022 ## - NÚMERO INTERNACIONAL NORMALIZADO PARA PUBLICACIONES SERIADAS
Número Internacional Normalizado para Publicaciones Seriadas 0325-819X
040 ## - FUENTE DE LA CATALOGACIÓN
Lengua de catalogación
Centro/agencia transcriptor
041 #7 - CÓDIGO DE LENGUA
Código de lengua del texto/banda sonora o título independiente spa
Fuente del código ISO-639-2
080 ## - NÚMERO DE LA CLASIFICACIÓN DECIMAL UNIVERSAL
Número de la Clasificación Decimal Universal 159.964.2
222 #0 - TÍTULO CLAVE
Título clave Psicoanálisis <periodico ; 1979 ; Buenos Aires>
245 00 - MENCIÓN DE TÍTULO
Título Psicoanálisis y universidad
Resto del título Revista de la Asociación Psicoanalítica de Buenos Aires.
246 13 - FORMA VARIANTE DE TÍTULO
Título propio/Titulo breve Psicoanálisis APdeBA
260 ## - PUBLICACIÓN, DISTRIBUCIÓN, ETC. (PIE DE IMPRENTA)
Lugar de publicación, distribución, etc. Buenos Aires :
Nombre del editor, distribuidor, etc. Asociación Psicoanalítica de Buenos Aires,
Fecha de publicación, distribución, etc. 1979-
300 ## - DESCRIPCIÓN FÍSICA
Extensión volumi ;
Dimensiones 23 cm
362 0# - FECHAS DE PUBLICACIÓN Y/O DESIGNACIÓN SECUENCIAL
Fecha de publicación y/o designación secuencial Vol. 1, n. 1 (1979)-
500 ## - NOTA GENERAL
Nota general Recordatorio del Dr. Mauricio Goldenberg/Carlos E. Sluki - Recordatorio del Dr. Fabio Herrmann/R. Horacio Etchegoyen - Acto inaugural del IUSAM/Carlos Moguillansky, Héctor Ferrari, Juan Carlos Pugliese - la enseñanza del complejo de Edipo. cómo transmitir la importancia de Freud a los estudiantes universitarios exponiendo sus ideas fundamentales sobre la condición humana/Rachel B. Blass - enseñar y aprender en modo analitico: modelo para estudiar psicoanálisis en la universidad/ Rivka R. Eifermann - Psicoanálisis y universidad: ¿qué le puede ofrecer el psicoanálisis a la universidad?/René Epstein - IUSAM-APdeBA. un instituto universitario para el psicoanálisis/Héctor ferrari - Obstáculos organizativos y educativos internos del psicoanálisis: algunos desafios contemporáneos/César Garza-guerrero - La práctica del psicoanálisis en la actualidad. Una investigación sobre escritos clinicos-teóricos/Amalia theodoro de Zirlinger - ¿será el pluralismo psicoanalitico un estado duradero de nuestra disciplina?/Robert S. wallerstein - La ilusión del "terreno común" y el pluralismo mítico/André Green - ¿Diálogo o ilusión? ¿y cómo seguimos de partir de aqui? respuesta a André green/Robert S. wallerstein - Entrevista al Dr. pedro boschan/Liliana Manguel, Osvaldo Menéndez - Hazme una casa/ Juan Gennaro - Abordaje de la "improvisada personalidad" del psicótico/ Carlos Tabbia - Las tensiones entre la formación y la práctica docente. La experiencia emocional del docente Isabel mansione.
650 #7 - PUNTO DE ACCESO ADICIONAL DE MATERIA--TÉRMINO DE MATERIA
Término de materia o nombre geográfico como elemento inicial Psicanalisis
Subdivisión general Periodici argentini
Fuente del encabezamiento o término nsbncf
650 #7 - PUNTO DE ACCESO ADICIONAL DE MATERIA--TÉRMINO DE MATERIA
Término de materia o nombre geográfico como elemento inicial Psicologia
9 (RLIN) 108
650 #7 - PUNTO DE ACCESO ADICIONAL DE MATERIA--TÉRMINO DE MATERIA
Término de materia o nombre geográfico como elemento inicial Psicologia clinica
Subdivisión general Periodici argentini
Fuente del encabezamiento o término nsbncf
710 2# - PUNTO DE ACCESO ADICIONAL--NOMBRE DE ENTIDAD CORPORATIVA
Nombre de entidad corporativa o nombre de jurisdicción como elemento de entrada Asociación Psicoanalítica de Buenos Aires
Número de control de registro de autoridad IT\ICCU\RMLV\241871
Código de función/relación aut
982 #1 - EQUIVALENCIA O REFERENCIA-CRUZADA-MENCIÓN DE SERIE--NOMBRE DE CONFERENCIA O REUNIÓN/CONGRESO/TÍTULO [LOCAL, CANADÁ]
Enlace z01
Nombre de congreso/reunión o jurisdicción como elemento de entrada n
942 ## - ELEMENTOS DE PUNTO DE ACCESO ADICIONAL (KOHA)
Fuente del sistema de clasificación o colocación Clasificación Decimal Universal
Tipo de ítem Koha Libros
981 #1 - EQUIVALENCIA O REFERENCIA-CRUZADA-MENCIÓN DE SERIE--NOMBRE DE ENTIDAD CORPORATIVA/TÍTULO [LOCAL, CANADÁ]
Enlace z01
Nombre de entidad corporativa o nombre de jurisdicción como elemento de entrada i
Unidad subordinada xxxe
Existencias
Estado de retiro Estado de pérdida Fuente del sistema de clasificación o colocación Estado dañado Excepción de préstamo Localización permanente Ubicación/localización actual Ubicación en estantería Fecha de adquisición Fuente de adquisición Número de inventario Total de préstamos Signatura topográfica completa Código de barras Fecha visto por última vez Precio válido a partir de Tipo de ítem Koha
    Clasificación Decimal Universal     BIBLIOTECA RIOBAMBA BIBLIOTECA RIOBAMBA BIBLIOTECA RIOBAMBA 18/09/2025 Donación 9033   159.964.2 ASO 9033 18/09/2025 18/09/2025 Libros